000
00286nam a2200121 a 4500
008
101021s1989|||| d
100
1
_a
Karvaš, Peter
245
1
0
_a
Niet prístavov
_b
Tri novely
020
_c
30
260
_b
Tatran
_a
Bratislava
_c
1989
041
_a
slo
044
_a
xo
_c
SK
999
_c
11918
_d
11918